Μηχανική

Αποθηκεύτηκε σε:
Λεπτομέρειες βιβλιογραφικής εγγραφής
Κύριος συγγραφέας: Kittel, Charles
Άλλοι συγγραφείς: Knight, Walter D., Ruderman, Malvin A.
Μορφή: Βιβλίο
Γλώσσα:Greek
English
Δημοσίευση: Αθήνα : Συμμετρία, 1989
Έκδοση:[2η έκδ.]
Σειρά:Μαθήματα φυσικής του Πανεπιστημίου του Berkeley
Θέματα:
Ετικέτες: Προσθήκη ετικέτας
Δεν υπάρχουν, Καταχωρήστε ετικέτα πρώτοι!

MARC

LEADER 00000nam a2200000 i 4500
001 1/22826
008 011025s1989 gre d
035 |l 10067548 
040 |a GR-MY-UA  |b gre  |e aacr 
041 1 |a gre  |h eng 
082 0 |a 531  |2 (21) 
100 1 |a Kittel, Charles. 
245 1 0 |a Μηχανική /  |c [Charles Kittel, Walter D. Knight, Malvin A. Ruderman] 
250 |a [2η έκδ.]  |b August C. Helmholz, Burton J. Moyer] 
260 |a Αθήνα :   |b Συμμετρία,   |c 1989 
300 |a xxiii, 367 σ.;  |b εικ.;  |c 28 εκ. 
490 1 |a Μαθήματα Φυσικής του Πανεπιστημίου του Berkeley 
504 |a Περιέχει βιβλιογραφικές αναφορές και ευρετήριο 
580 |a Translation of: Mechanics 
650 0 0 |a Mechanics. 
650 0 0 |a Mathematical physics. 
700 1 |a Knight, Walter D. 
700 1 |a Ruderman, Malvin A. 
730 0 |a Mechanics. 
774 1 |t Φυσική 
830 0 |a Μαθήματα φυσικής του Πανεπιστημίου του Berkeley 
852 |a INST  |b SYROS  |e 20011025  |h 531 KIT  |p 005500000936  |q 005500000936  |t BK  |y 0 
901 |a BIBL5-2001-3 
909 |a Ε  |b 088448 
920 |a ΤΜΗΜΑ ΜΑΘΗΜΑΤΙΚΩΝ  |b ΓΡΑΜΜΑΤΕΙΑ  |y ΣΥΡΟΣ  |z 2001-09 
970 |a ΚΡΗΤΙΚΟΥ  |b ΘΩΜΑΙΣ  |z 2001/10/25